000 00320nam a22001457a 4500
008 230622b ||||| |||| 00| 0 eng d
020 _a9780761967590
041 _aeng
080 _a004
082 _a004BLA
100 _a18
101 _aSHKI
245 _aANALYZING QUANTITATIVE DATA
_cBLAIKIE.N
942 _2udc
_cBK
999 _c60028
_d60028